Normal view
MARC view
- GC Syed Muhammad Haider. GC Fawad Mumtaz. GC Basit Bilal. PC Farrakh Mehmood
Entry Personal Name
001 - CONTROL NUMBER
- control field: 73292
003 - CONTROL NUMBER IDENTIFIER
- control field: NUST
005 - DATE AND TIME OF LATEST TRANSACTION
- control field: 20210628205010.0
008 - FIXED-LENGTH DATA ELEMENTS
- fixed length control field: 210628|| aca||aabn | a|a d
040 ## - CATALOGING SOURCE
- Original cataloging agency: NUST
- Transcribing agency: NUST
100 ## - HEADING--PERSONAL NAME
- Personal name: GC Syed Muhammad Haider. GC Fawad Mumtaz. GC Basit Bilal. PC Farrakh Mehmood
670 ## - SOURCE DATA FOUND
- Source citation: Work cat.: (NUST): GC Syed Muhammad Haider. GC Fawad Mumtaz. GC Basit Bilal. PC Farrakh Mehmood., PR-SOF-1958-Develoment of Engine Test Bench of Defender Jeep, 2020
